Распоряжение ГКО СССР № 6181 с о передаче 500 человек из спецлагеря Наркомата внутренних дел в постоянные кадры завода № 711 Нар...

RUSMARC
00005780cbm0a2200349#x 450
0012b8eddaf-14c7-460d-8fe3-53b2b2ec5eba
00520251119140911.0
100##$a20251119j19440713k###0rusy50 ca
1010#$arus
102##$aRU
105##$ay###z########
1220#$ad19440713##
2001#$aРаспоряжение ГКО СССР № 6181 с о передаче 500 человек из спецлагеря Наркомата внутренних дел в постоянные кадры завода № 711 Наркомата минометного вооружения, с приложением докладной записки Кузина Н. Поскребышеву А. Н.
$j13 июля 1944 г.
251##$cДокумент
300##$aРассылочный и подлинный экземпляры
461#0$12001
$aФ. 644
$1251
$cФонд
$1852
$j644
462#0$12001
$aОп. 1
$1251
$cОпись
$1852
$j1
60101$2nlr_sh
$3RU\NLR\AUTH\6601614128
$aСССР
$bГосударственный Комитет Обороны
$xИстория
$z1941 - 1945
$jДокументы и материалы
605##$2prlib_sh
$3LIBNET\UAF\0000088514
$aВторая мировая война в архивных документах (Комплекс оцифрованных архивных документов, кино- и фотоматериалов)
$lколлекция
605##$2acquisition_Prlib
$3DITM\AF\0000002775
$aВласть
$lколлекция
6061#$2prlib_sh
$3LIBNET\UAF\0000111015
$aВоенная промышленность
$xИстория
$yСССР
$z1941 - 1945
$jДокументы и материалы
6061#$2nlr_sh
$3RU\NLR\AUTH\661280795
$aВеликая Отечественная война
$z1941 - 1945
$xТыл(воен.)
$jДокументы и материалы
6061#$2nlr_sh
$3RU\NLR\AUTH\661381455
$aСпецконтингент
$jДокументы и материалы
6061#$2nlr_sh
$3RU\NLR\AUTH\661420912
$aОсужденные
$xТруд
$yСССР
$z1940 - 1950-ые гг.
$jДокументы и материалы
686##$a63.3(2)622-2ю1
$vLBC/M
$2rubbk
686##$a65.03(2)622ю1
$vLBC/M
$2rubbk
686##$a65.305.04ю1
$vLBC/M
$2rubbk
801#0$aRU
$bПБ им. Б.Н. Ельцина
$c20251119
801#1$aRU
$bПБ им. Б.Н. Ельцина
$c20251119
$2rusmarc
801#2$aRU
$bПБ им. Б.Н. Ельцина
$c20251119
$2rusmarc
850##$aРоссийский государственный архив социально-политической истории
852##$aРГАСПИ
$jД. 278. Л. 201-201об.; Оп. 2. Д. 358. Л. 82-82об, 85
035##$aLIBNET\0001513653
937##$d198553063
$hФедеральное архивное агентство
8564#$uhttp://readingroom.main.prlib.ru/item.aspx?id_node=n198553063&mode=full
Формат отображения